Statistics for 2019 NFL Pro Bowl Rosters

Click here to take the quiz!

General Stats

  • This quiz has been taken 62 times
  • The average score is 65 of 118

Answer Stats

PositionTeamAnswer% Correct
QuarterbackChiefsPatrick Mahomes
100%
QuarterbackSaintsDrew Brees
98%
QuarterbackChargersPhilip Rivers
98%
QuarterbackPatriotsTom Brady
98%
QuarterbackPackersAaron Rodgers
96%
QuarterbackTexansDeshaun Watson
96%
QuarterbackSeahawksRussell Wilson
96%
QuarterbackRamsJared Goff
94%
QuarterbackColtsAndrew Luck
92%
Wide ReceiverSteelersAntonio Brown
92%
QuarterbackCowboysDak Prescott
92%
Wide ReceiverChiefsTyreek Hill
92%
CornerbackCowboysByron Jones
90%
Wide ReceiverPackersDavante Adams
90%
Strong SafetyJetsJamal Adams
90%
Wide ReceiverSteelersJuju Smith-Schuster
90%
Wide ReceiverFalconsJulio Jones
90%
Wide ReceiverChargersKeenan Allen
90%
Wide ReceiverSaintsMichael Thomas
90%
Wide ReceiverBuccaneersMike Evans
90%
Tight EndChiefsTravis Kelce
90%
Running BackCowboysEzekiel Elliott
88%
QuarterbackBearsMitchell Trubisky
88%
Running BackSaintsAlvin Kamara
86%
Tight End49ersGeorge Kittle
86%
Free SafetyVikingsHarrison Smith
86%
Offensive TackleCowboysTyron Smith
86%
Wide ReceiverVikingsAdam Thielen
84%
Running BackGiantsSaquon Barkley
84%
Running BackRamsTodd Gurley
84%
Wide ReceiverCowboysAmari Cooper
82%
Wide ReceiverTexansDeandre Hopkins
82%
Tight EndEaglesZach Ertz
76%
Defensive EndTexansJ.J. Watt
75%
Running BackChargersMelvin Gordon
75%
Outside LinebackerSteelersT.J. Watt
75%
CenterFalconsAlex Mack
73%
Defensive TackleRamsAaron Donald
71%
Wide ReceiverBrownsJarvis Landry
71%
Outside LinebackerBearsKhalil Mack
71%
Offensive TackleEaglesLane Johnson
71%
Inside LinebackerSeahawksBobby Wagner
69%
CornerbackJaguarsJalen Ramsey
69%
Offensive GuardSaintsAndrus Peat
67%
Defensive EndSaintsCameron Jordan
67%
Defensive EndBrownsMyles Garrett
67%
Outside LinebackerBroncosVon Miller
67%
CornerbackBrownsDenzel Ward
65%
Free SafetyChargersDerwin James
65%
Running BackTexansLamar Miller
65%
CornerbackCardinalsPatrick Peterson
65%
CornerbackPatriotsStephon Gillmore
65%
CornerbackDolphinsXaiven Howard
65%
Offensive GuardCowboysZach Martin
63%
CornerbackLionsDarius Slay
61%
Running BackSteelersJames Conner
61%
Defensive TackleRavensBrandon Williams
59%
Free SafetyBearsEddie Jackson
59%
Defensive TackleBillsKyle Williams
59%
Inside LinebackerPanthersLuke Kuechly
59%
Offensive TackleCommandersTrent Williams
59%
CornerbackBroncosChris Harris
57%
Fullback49ersKyle Juszczyk
57%
Defensive TackleSteelersCameron Heyward
55%
Offensive GuardColtsQuenton Nelson
55%
Defensive EndVikingsDanielle Hunter
53%
Defensive TackleEaglesFletcher Cox
53%
Running BackBroncosPhillip Lindsay
53%
Defensive EndJaguarsCalais Campbell
51%
Defensive EndCowboysDemarcus Lawrence
51%
Offensive TackleSaintsTerron Armstead
51%
Tight EndFalconsAustin Hooper
47%
Offensive TackleTitansTaylor Lewan
47%
Inside LinebackerCowboysLeighton Vander Esch
43%
FullbackChiefsAnthony Sherman
41%
Defensive TackleBengalsGeno Atkins
41%
Offensive GuardBrownsJoel Bitonio
41%
CornerbackBearsKyle Fuller
41%
Outside LinebackerVikingsAnthony Barr
39%
CenterSteelersMaurkice Pouncey
39%
CenterChargersMike Pouncey
39%
Tight EndSteelersEric Ebron
37%
Outside LinebackerTexansJadeveon Clowney
37%
Defensive EndChargersMelvin Ingram
37%
Offensive GuardRavensMarshal Yanda
33%
Offensive GuardSteelersDavid DeCastro
29%
Defensive Tackle49ersDeForest Buckner
29%
Offensive TackleChiefsEric Fisher
29%
Strong SafetyGiantsLandon Collins
29%
Strong SafetyEaglesMalcolm Jenkins
29%
Outside LinebackerCommandersRyan Kerrigan
29%
Free SafetyRavensEric Weddle
27%
Offensive TackleSteelersAlejandro Villanueva
25%
Inside LinebackerRavensC.J. Mosley
25%
Tight EndRaidersJared Cook
25%
Defensive TackleTitansJurrell Casey
25%
Offensive GuardEaglesBrandon Brooks
24%
Defensive TackleBearsAkiem Hicks
22%
KickerGiantsAldrick Rosas
20%
Offensive TackleFalconsJake Matthews
20%
PunterSeahawksMichael Dickson
18%
Inside LinebackerTexansBenardrick McKinney
16%
Return SpecialistBearsTarik Cohen
16%
Outside LinebackerChiefsDee Ford
12%
KickerJetsJason Myers
12%
Return SpecialistJetsAndre Roberts
8%
PunterTitansBrent Kern
8%
CenterBearsCody Whitehair
8%
Offensive GuardPanthersTrai Turner
8%
Defensive TacklePanthersKawaan Short
6%
CenterSaintsMax Unger
6%
Outside LinebackerGiantsOlivier Vernon
6%
Special TeamsPatriotsAdrian Phillips
4%
Offensive TackleBearsCharles Leno
4%
Long SnapperLionsDon Muhlbach
4%
Offensive GuardSaintsLarry Warford
4%
Long SnapperBroncosCasey Kreiter
2%
Special TeamsRamsCory Littleton
2%

Score Distribution

Percentile by Number Answered

Percent of People with Each Score

Your Score History

You have not taken this quiz